000 00457nam a2200181Ia 4500
005 20250423101052.0
008 250422s9999 xx 000 0 und d
020 _a9780878933846
050 _aHD 39.5 .O27/
100 _aO’Brien, Jonathan
245 0 _aSustainable procurement
260 _aNew York
260 _bKogan Page
260 _c2023
300 _avii, 489.: ill.
650 _aIndustrial procurement. Business logistics.
942 _cBK
999 _c35187
_d35187